Gift of happiness (Record no. 24475)

MARC details
000 -LEADER
fixed length control field 00463nam a22001817a 4500
003 - CONTROL NUMBER IDENTIFIER
control field OSt
005 - DATE AND TIME OF LATEST TRANSACTION
control field 20260213150434.0
008 - FIXED-LENGTH DATA ELEMENTS--GENERAL INFORMATION
fixed length control field 210708b ||||| |||| 00| 0 eng d
020 ## - INTERNATIONAL STANDARD BOOK NUMBER
International Standard Book Number 9789383154852
082 ## - DEWEY DECIMAL CLASSIFICATION NUMBER
Classification number 152.42
Item number AR6G
100 ## - MAIN ENTRY--PERSONAL NAME
Personal name Arora, Ramesh K
245 ## - TITLE STATEMENT
Title Gift of happiness
Statement of responsibility, etc by Ramesh K. Arora
260 ## - PUBLICATION, DISTRIBUTION, ETC. (IMPRINT)
Place of publication, distribution, etc New Delhi
Name of publisher, distributor, etc Paragon International Publishers
Date of publication, distribution, etc 2021
300 ## - PHYSICAL DESCRIPTION
Extent x, 207p.
546 ## - LANGUAGE NOTE
Language note English
650 ## - SUBJECT ADDED ENTRY--TOPICAL TERM
Source of heading or term Happiness
942 ## - ADDED ENTRY ELEMENTS (KOHA)
Source of classification or shelving scheme Dewey Decimal Classification
Koha item type Books
Holdings
Withdrawn status Lost status Source of classification or shelving scheme Damaged status Not for loan Collection code Home library Current library Department Date acquired Source of acquisition Cost, normal purchase price Inventory number(Invoice/Date) Total Checkouts Full call number Barcode Date last seen Date checked out Price effective from Koha item type
    Dewey Decimal Classification     General Text Book Central University Of Rajasthan Central University Of Rajasthan Dean (Academic) 08/07/2021 Technical Bureau 195.00 TB2890/24/02/2021 4 152.42 AR6G 36228 03/07/2023 30/06/2023 08/07/2021 Books
    Dewey Decimal Classification     General Text Book Central University Of Rajasthan Central University Of Rajasthan Dean (Academic) 08/07/2021 Technical Bureau 195.00 TB2890/24/02/2021 12 152.42 AR6G 36229 22/07/2025 02/06/2025 08/07/2021 Books